000 00523nam a22001697a 4500
999 _c9002
_d9002
008 210310b ||||| |||| 00| 0 eng d
040 _aBMS College of Architecture
100 _aAithal, H, Navaneeth
245 _aFreedom fighter's memorial park
300 _aNA
500 _a1BM09AT030
502 _8B.Arch
_NBMS College of Architecture, Visvesvaraya Technological University (VTU)
_aProject report
_d2013
650 _aPark
700 _aAjaichandran C K
_eGuide
700 _aBhagyalaxmi M
_eGuide
942 _2ddc
_cTHE